Normal view
MARC view
Entry Topical Term
001 - CONTROL NUMBER
- control field: 29762
003 - CONTROL NUMBER IDENTIFIER
- control field: ARRUPE
005 - DATE AND TIME OF LATEST TRANSACTION
- control field: 20170411093228.0
008 - FIXED-LENGTH DATA ELEMENTS
- fixed length control field: 170411|| aca||aabn | a|a d
040 ## - CATALOGING SOURCE
- Original cataloging agency: ARRUPE
- Transcribing agency: ARRUPE
150 ## - HEADING--TOPICAL TERM
- Topical term or geographic name as entry element: Communism
- General subdivision: History
670 ## - SOURCE DATA FOUND
- Source citation: Work cat.: (ARRUPE): Kiernan, Victor Goedon E. 29760, Marxism and imperialism, 1974